[Event "Hong Kong op"]
[Site "Hong Kong"]
[Date "2018.10.15"]
[Round "5"]
[White "Lu, Jacob"]
[Black "Au, Matthew"]
[Result "0-1"]
[WhiteElo "1026"]
[BlackElo "1617"]
[PlyCount "110"]
[EventDate "2018.09.03"]
[EventType "swiss"]
[EventRounds "7"]
[EventCountry "HKG"]
[SourceTitle "CBM 187 Extra"]
[Source "ChessBase"]
[SourceDate "2018.11.04"]
[SourceVersion "1"]
[SourceVersionDate "2018.11.04"]
[SourceQuality "1"]

1. e4 c5 2. Nc3 Nc6 3. Nf3 d6 4. h3 Nf6 5. d4 cxd4 6. Nxd4 e5 7. Nf3 Be7 8. Bc4 0-0 9. 0-0 h6 10. Re1 a6 11. Be3 b5 12. Bb3 Na5 13. Nd5 Nxb3 14. Nxe7+ Qxe7 15. axb3 Bb7 16. Bd2 Nxe4 17. Bb4 Rad8 18. Nd2 f5 19. Nxe4 Bxe4 20. Ba5 Rc8 21. c3 Qg5 22. f3 Bb7 23. Rf1 d5 24. Bb4 Rfe8 25. Qe2 f4 26. Qf2 Qg6 27. Rfe1 Qf7 28. Re2 e4 29. fxe4 dxe4 30. Rf1 f3 31. gxf3 exf3 32. Rxe8+ Rxe8 33. Qg3 Qe6 34. c4 Qe3+ 35. Kh1 Qxb3 36. Bc3 Re7 37. Qb8+ Kh7 38. Qd6 Rf7 39. Qe6 Qxc4 40. Qxc4 bxc4 41. Kg1 h5 42. h4 Rf4 43. Rd1 Rxh4 44. Rd7 Rg4+ 45. Kf2 Bc6 46. Rc7 Rg6 47. Be5 h4 48. Ke3 h3 49. Ra7 Bd5 50. Rd7 Bc6 51. Ra7 Re6 52. Kf4 f2 53. Rxg7+ Kh6 54. Kf5 Rxe5+ 55. Kxe5 Kxg7 0-1